[Event "Lusaka zt 4.5"]
[Site "Lusaka"]
[Date "2024.08.13"]
[Round "2"]
[White "Muleya, Franklin"]
[Black "Chumfwa, Stanley"]
[Result "0-1"]
[WhiteElo "1872"]
[BlackElo "2189"]
[PlyCount "96"]
[EventDate "2024.08.12"]
[EventType "swiss"]
[EventRounds "9"]
[EventCountry "ZAM"]
[SourceTitle "CB34_2024"]
[SourceDate "2024.08.21"]
[SourceVersion "1"]
[SourceVersionDate "2024.08.21"]
[SourceQuality "1"]

1. e4 c5 2. b4 cxb4 3. d4 d5 4. e5 Nc6 5. a3 Qb6 6. Be3 Nh6 7. axb4 Qxb4+ 8. c3 Qb2 9. Qa4 Nf5 10. Qa3 Qxa3 11. Nxa3 Nxe3 12. fxe3 Bd7 13. Nb5 Rc8 14. Nf3 a6 15. Na3 e6 16. Bd3 Na5 17. Nb1 Nb3 18. Ra2 Nc1 19. Rd2 Nxd3+ 20. Rxd3 Be7 21. Kf2 0-0 22. Rc1 b5 23. Rd2 b4 24. Ra2 Bb5 25. Nfd2 Rc7 26. Nb3 Rfc8 27. Ke1 bxc3 28. Nc5 Bxc5 29. dxc5 Rxc5 30. Rac2 h5 31. Rxc3 Rxc3 32. Rxc3 Rxc3 33. Nxc3 Kh7 34. e4 d4 35. Nd1 Kg6 36. h4 f5 37. Nf2 fxe4 38. Nxe4 Kf5 39. Ng3+ Kg4 40. Ne4 Kf4 41. Nd2 Kxe5 42. Nf3+ Kd5 43. Nh2 e5 44. g4 hxg4 45. Nxg4 e4 46. h5 e3 47. Kd1 Ke4 48. Nf6+ Kf3 0-1